[Event "28th Pula Open 2014"]
[Site "Pula CRO"]
[Date "2014.06.07"]
[Round "1.1"]
[White "Bartl, Ulf"]
[Black "Jovanovic, Zoran"]
[Result "0-1"]
[BlackTitle "GM"]
[WhiteElo "1981"]
[BlackElo "2556"]
[WhiteFideId "4696875"]
[BlackFideId "14505320"]
[EventDate "2014.06.07"]
[EventType "swiss"]

1. d4 d6 2. c4 e5 3. d5 Nf6 4. Nc3 Nbd7 5. e4 Nc5 6. Qc2 a5 7. h3 Be7 8. Be3
Nfd7 9. Nf3 c6 10. Be2 O-O 11. g4 a4 12. Rc1 Qa5 13. Bd2 Qc7 14. b4 axb3 15.
axb3 Na6 16. Na2 cxd5 17. exd5 f5 18. b4 Nf6 19. gxf5 Qd7 20. Bd3 Qe8 21. Ng5 e4
22. Nxe4 Nxe4 23. Bxe4 Bh4 24. Be3 Bxf5 25. Nc3 Nxb4 26. Qb1 Na2 0-1

[Event "28th Pula Open 2014"]
[Site "Pula CRO"]
[Date "2014.06.07"]
[Round "1.2"]
[White "Bosiocic, Marin"]
[Black "Bonaca, Dario"]
[Result "1-0"]
[WhiteTitle "GM"]
[WhiteElo "2543"]
[BlackElo "1980"]
[WhiteFideId "14507927"]
[BlackFideId "14516292"]
[EventDate "2014.06.07"]
[EventType "swiss"]

1. d4 d5 2. c4 c6 3. Nf3 Nf6 4. e3 e6 5. b3 Bb4+ 6. Nbd2 Nbd7 7. Bd3 O-O 8. O-O
Re8 9. Bb2 Nf8 10. a3 Bd6 11. Ne5 Re7 12. f4 Ne8 13. e4 f5 14. exf5 exf5 15.
Ndf3 Nf6 16. Bc3 Ne4 17. Be1 Qe8 18. Bh4 Rc7 19. c5 Be7 20. Bxe7 Rxe7 21. b4 a6
22. a4 Ne6 23. Qc1 a5 24. b5 Rc7 25. Rb1 Bd7 26. Rb2 g6 27. Qe3 Qe7 28. g3 Be8
29. Rg2 Qf6 30. Kh1 h5 31. Rb1 Kg7 32. Rb3 Qd8 33. Rgb2 Nf6 34. bxc6 bxc6 35.
Nxg6 Nxc5 36. dxc5 Bxg6 37. Nd4 Kh6 38. Bxf5 Re7 39. Be6 Ng4 40. Qd2 Be4+ 41.
Kg1 1-0

[Event "28th Pula Open 2014"]
[Site "Pula CRO"]
[Date "2014.06.07"]
[Round "1.3"]
[White "Ikica, Ante"]
[Black "Fercec, Nenad"]
[Result "0-1"]
[BlackTitle "GM"]
[WhiteElo "1980"]
[BlackElo "2495"]
[WhiteFideId "14503581"]
[BlackFideId "14500299"]
[EventDate "2014.06.07"]
[EventType "swiss"]

1. e4 c5 2. Nf3 d6 3. Nc3 Nf6 4. d4 cxd4 5. Nxd4 a6 6. Be3 e5 7. Nb3 Be7 8. f3
Be6 9. Qd2 O-O 10. Nd5 Bxd5 11. exd5 Nbd7 12. Be2 Rc8 13. c4 b6 14. O-O a5 15.
Rac1 Nh5 16. Bd3 f5 17. Bb1 Bh4 18. Na1 f4 19. Qd3 g6 20. Bf2 Bg3 21. h3 Bxf2+
22. Rxf2 b5 23. Rfc2 Qb6+ 24. Kh2 Rxc4 25. Rxc4 bxc4 26. Qxc4 Qxb2 27. Nb3 Ng3
28. Nxa5 e4 29. fxe4 f3 30. Qc2 Qe5 31. Nc4 Qf4 32. Nd2 Ne2+ 33. Kh1 fxg2+ 34.
Kxg2 Qf2+ 35. Kh1 Ng3# 0-1

[Event "28th Pula Open 2014"]
[Site "Pula CRO"]
[Date "2014.06.07"]
[Round "1.4"]
[White "Jovanic, Ognjen"]
[Black "Kukurin, Luka"]
[Result "1-0"]
[WhiteTitle "GM"]
[WhiteElo "2489"]
[BlackElo "1977"]
[WhiteFideId "14504081"]
[BlackFideId "14537303"]
[EventDate "2014.06.07"]
[EventType "swiss"]

1. d4 Nf6 2. c4 e6 3. Nf3 Bb4+ 4. Nbd2 O-O 5. a3 Bxd2+ 6. Bxd2 d6 7. Qc2 Nbd7 8.
Bg5 c5 9. e3 Qa5+ 10. Qd2 Qxd2+ 11. Nxd2 Re8 12. dxc5 Nxc5 13. f3 a5 14. O-O-O
Bd7 15. Kb1 Ba4 16. Rc1 Nfd7 17. Rc3 Bc6 18. b3 Reb8 19. Be7 Nf6 20. Bxd6 Rd8
21. Bxc5 Rxd2 22. Rc2 Ne4 23. Bb6 Rd1+ 24. Rc1 Nd2+ 25. Kc2 Rxc1+ 26. Kxc1 Nxb3+
27. Kb2 a4 28. Be2 Kf8 29. Rd1 Ke7 30. Kc3 Bd7 31. Kb4 f6 32. Bd3 g5 33. c5 h6
34. Be4 Rb8 35. Bc7 Rc8 36. Bd6+ 1-0

[Event "28th Pula Open 2014"]
[Site "Pula CRO"]
[Date "2014.06.07"]
[Round "1.5"]
[White "Dubravac, Andrija"]
[Black "Tratar, Marko"]
[Result "0-1"]
[BlackTitle "GM"]
[WhiteElo "1976"]
[BlackElo "2484"]
[WhiteFideId "14505525"]
[BlackFideId "14600684"]
[EventDate "2014.06.07"]
[EventType "swiss"]

1. d4 Nf6 2. c4 e6 3. g3 d5 4. cxd5 exd5 5. Bg2 c6 6. Nc3 Bd6 7. Nf3 h6 8. O-O
Bf5 9. Re1 O-O 10. a3 Nbd7 11. b4 a6 12. Bb2 Re8 13. Na4 b6 14. Rc1 Qc7 15. Qb3
Qb7 16. Nd2 Re6 17. Nc3 Rae8 18. e3 b5 19. Qd1 Nb6 20. Qe2 a5 21. bxa5 Nc4 22.
Nb3 Ra8 23. Na2 Qe7 24. Ra1 Nxa5 25. Nxa5 Rxa5 26. Qd2 Ra4 27. Nc3 Ra6 28. Bf1
Ra8 29. Qc1 h5 30. Ne2 Qd7 31. Nc3 h4 32. Qd2 Rae8 33. Be2 hxg3 34. hxg3 Ne4 35.
Nxe4 Bxe4 36. Bg4 Rh6 37. f3 Qxg4 38. fxg4 Rh1+ 39. Kf2 Rh2+ 40. Kf1 Rxd2 41.
Bc3 Rc2 42. Rac1 Rxc1 43. Rxc1 Bxa3 0-1

[Event "28th Pula Open 2014"]
[Site "Pula CRO"]
[Date "2014.06.07"]
[Round "1.6"]
[White "Kovacevic, Blazimir"]
[Black "Lechner, Marcus"]
[Result "1-0"]
[WhiteTitle "IM"]
[WhiteElo "2474"]
[BlackElo "1975"]
[WhiteFideId "14502712"]
[BlackFideId "1629034"]
[EventDate "2014.06.07"]
[EventType "swiss"]

1. c4 e5 2. g3 Nf6 3. Bg2 Bc5 4. Nc3 O-O 5. e3 Nc6 6. Nge2 Re8 7. O-O d6 8. d4
Bb6 9. h3 a5 10. Nd5 Nxd5 11. cxd5 Ne7 12. dxe5 dxe5 13. b3 Qd6 14. Bb2 Bd7 15.
Nc3 Rad8 16. Qe2 Qh6 17. Kh2 f5 18. Qc4 Kh8 19. Rad1 Nc8 20. Na4 Nd6 21. Qc2 f4
22. Nxb6 cxb6 23. exf4 exf4 24. Bc1 Rc8 25. Qd2 fxg3+ 26. fxg3 Qxd2 27. Rxd2 Bb5
28. Rg1 Bd7 29. Bb2 b5 30. Rf1 Kg8 31. Bd4 a4 32. Rf4 Nf5 33. Bf2 Nd6 34. g4 Rf8
35. Rxf8+ Kxf8 36. Bd4 g6 37. Kg3 h5 38. Rf2+ Ke7 39. Re2+ Kf7 40. Be5 Ne8 41.
Be4 hxg4 42. hxg4 g5 43. Rh2 axb3 44. axb3 Rc1 45. Rh7+ 1-0

[Event "28th Pula Open 2014"]
[Site "Pula CRO"]
[Date "2014.06.07"]
[Round "1.7"]
[White "Werner, Anna"]
[Black "Zufic, Miroslav"]
[Result "0-1"]
[BlackTitle "IM"]
[WhiteElo "1967"]
[BlackElo "2470"]
[WhiteFideId "752274"]
[BlackFideId "14506157"]
[EventDate "2014.06.07"]
[EventType "swiss"]

1. d4 Nf6 2. c4 e6 3. Nc3 Bb4 4. Qc2 O-O 5. Nf3 d6 6. a3 Bxc3+ 7. bxc3 Re8 8. e4
e5 9. dxe5 dxe5 10. Bg5 Bg4 11. Nd2 Nbd7 12. f3 Be6 13. Be2 Qe7 14. Be3 Nc5 15.
Nb3 Nxb3 16. Qxb3 b6 17. a4 Red8 18. O-O a5 19. Rfd1 Ne8 20. Qc2 Rxd1+ 21. Qxd1
c5 22. Qb3 Qc7 23. Rd1 Rd8 24. Rb1 Rb8 25. g3 Nd6 26. Bd3 f6 27. Kg2 Rb7 28. f4
Qc6 29. Qc2 Bxc4 30. Kf3 f5 31. Bxc4+ Nxc4 32. Qd3 Nd6 33. Qd5+ Qxd5 34. exd5
e4+ 35. Ke2 Kf7 36. h3 h5 37. Bf2 Ke8 38. g4 hxg4 39. hxg4 fxg4 40. Rg1 Kf7 41.
Rxg4 Nc4 42. f5 Re7 43. Bg3 Re8 44. d6 Rd8 45. Rg6 b5 46. axb5 a4 47. Bh4 Rxd6
48. Rg1 Rd2+ 49. Ke1 a3 0-1

[Event "28th Pula Open 2014"]
[Site "Pula CRO"]
[Date "2014.06.07"]
[Round "1.8"]
[White "Fodor, Tamas Jr."]
[Black "Arndt, Uwe"]
[Result "1-0"]
[WhiteTitle "GM"]
[WhiteElo "2462"]
[BlackElo "1965"]
[WhiteFideId "723762"]
[BlackFideId "24647713"]
[EventDate "2014.06.07"]
[EventType "swiss"]

1. d4 Nf6 2. c4 e6 3. Nc3 c5 4. d5 exd5 5. cxd5 d6 6. Nf3 g6 7. Bf4 a6 8. a4 Bg7
9. e3 Nh5 10. Bg5 Qc7 11. Nd2 O-O 12. Nc4 Nd7 13. Be7 Re8 14. Bxd6 Qd8 15. Be2
Nhf6 16. O-O Ne4 17. Nxe4 Rxe4 18. Qb3 b6 19. Bg3 Ne5 20. Qxb6 Qxb6 21. Nxb6 Rb8
22. Nxc8 Rxc8 23. Bxa6 Rd8 24. Rfd1 c4 25. Bxe5 Bxe5 26. Rac1 1-0

[Event "28th Pula Open 2014"]
[Site "Pula CRO"]
[Date "2014.06.07"]
[Round "1.9"]
[White "Lakovic, Igor"]
[Black "Drazic, Sinisa"]
[Result "0-1"]
[BlackTitle "GM"]
[WhiteElo "1964"]
[BlackElo "2433"]
[WhiteFideId "872547"]
[BlackFideId "901172"]
[EventDate "2014.06.07"]
[EventType "swiss"]

1. e4 d6 2. d4 Nf6 3. Nc3 g6 4. Nf3 Bg7 5. Be2 O-O 6. O-O a6 7. Re1 Nc6 8. d5
Nb8 9. Be3 e5 10. dxe6 Bxe6 11. Qd2 Nc6 12. Bg5 Qd7 13. Rad1 Rae8 14. h3 Qc8 15.
Bf1 Nd7 16. Bh6 Nc5 17. Bxg7 Kxg7 18. b4 Nd7 19. Nd5 Bxd5 20. exd5 Nce5 21. Nxe5
Rxe5 22. Rxe5 Nxe5 23. c4 Qf5 24. f4 Nd7 25. Re1 Qf6 26. Qe3 a5 27. a3 axb4 28.
axb4 Qb2 29. c5 Qxb4 30. c6 bxc6 31. dxc6 Nf6 32. Rc1 Re8 33. Qf3 Qd4+ 34. Kh2
Re3 0-1

[Event "28th Pula Open 2014"]
[Site "Pula CRO"]
[Date "2014.06.07"]
[Round "1.10"]
[White "Rukavina, Josip"]
[Black "Schilke, Michael"]
[Result "1-0"]
[WhiteTitle "IM"]
[WhiteElo "2410"]
[BlackElo "1962"]
[WhiteFideId "14500191"]
[BlackFideId "24630497"]
[EventDate "2014.06.07"]
[EventType "swiss"]

1. Nf3 d5 2. c4 Nf6 3. cxd5 Nxd5 4. d4 g6 5. e3 Bg7 6. Be2 O-O 7. O-O Nd7 8. e4
N5b6 9. Nc3 Nf6 10. h3 c6 11. Be3 Qc7 12. a4 a5 13. Qb3 Nbd7 14. Rac1 e6 15.
Rfd1 Rd8 16. d5 exd5 17. exd5 c5 18. d6 1-0

[Event "28th Pula Open 2014"]
[Site "Pula CRO"]
[Date "2014.06.07"]
[Round "1.11"]
[White "Grosse, Manfred"]
[Black "Lizak, Peter"]
[Result "0-1"]
[BlackTitle "IM"]
[WhiteElo "1961"]
[BlackElo "2401"]
[WhiteFideId "1617370"]
[BlackFideId "731595"]
[EventDate "2014.06.07"]
[EventType "swiss"]

1. e4 e6 2. d4 d5 3. e5 c5 4. c3 Nc6 5. Nf3 Qb6 6. dxc5 Bxc5 7. Qc2 Qc7 8. Bb5
Ne7 9. O-O Bd7 10. Bxc6 Nxc6 11. Re1 h6 12. Nbd2 g5 13. Nb3 Be7 14. h3 O-O-O 15.
Nbd4 Nxd4 16. Nxd4 Rdg8 17. g3 Kb8 18. Bd2 Rf8 19. f4 gxf4 20. Bxf4 Rfg8 21. Kh2
Rg6 22. Re3 Rhg8 23. Rae1 Qc4 24. b3 Qc7 25. a4 Bc5 26. Qd1 a6 27. b4 Bxd4 28.
cxd4 Qc4 29. b5 axb5 30. axb5 Bxb5 31. Qa1 Rc8 32. Ra3 Ba6 33. Qb2 Qc2+ 34. Qxc2
Rxc2+ 35. Kg1 Rg8 36. Raa1 Bd3 37. Rac1 Rb2 38. Rc3 Bc4 39. g4 h5 40. g5 Rc8 41.
Rec1 Rc6 42. Rf3 Ra6 43. Bg3 Raa2 44. Bf2 Bd3 45. Rxf7 Bf5 46. Rf8+ Ka7 47. Rxf5
exf5 48. Rf1 Re2 49. Kg2 Re4 50. Kf3 Ra3+ 51. Kg2 h4 52. Rg1 Ra6 53. Kf3 Rg6 54.
Be3 b6 55. Rc1 Kb7 56. Rc2 Rg8 57. Rg2 Ra8 58. g6 Ra3 59. g7 Rexe3+ 60. Kf4 Rf3+
61. Kg5 Rg3+ 62. Rxg3 Rxg3+ 63. Kf6 f4 0-1

[Event "28th Pula Open 2014"]
[Site "Pula CRO"]
[Date "2014.06.07"]
[Round "1.12"]
[White "Maier, Christian"]
[Black "Nilsson, Lars Kjoller"]
[Result "1-0"]
[WhiteTitle "IM"]
[WhiteElo "2369"]
[BlackElo "1961"]
[WhiteFideId "4601955"]
[BlackFideId "1402544"]
[EventDate "2014.06.07"]
[EventType "swiss"]

1. e4 c5 2. Nf3 d6 3. c3 Nf6 4. Be2 Nc6 5. d3 g6 6. O-O Bg7 7. Re1 O-O 8. Bf1 b5
9. d4 Qb6 10. d5 Na5 11. h3 Ba6 12. Bf4 Rfd8 13. Nbd2 Nc4 14. b3 Nxd2 15. Qxd2
Bb7 16. Rad1 a5 17. c4 b4 18. e5 dxe5 19. Nxe5 a4 20. Bh6 axb3 21. axb3 Ra3 22.
Nxf7 Kxf7 23. Bxg7 Kxg7 24. Rxe7+ Kh8 25. Rde1 Ra6 26. Qh6 Rg8 27. Rxh7+ Nxh7
28. Re7 1-0

[Event "28th Pula Open 2014"]
[Site "Pula CRO"]
[Date "2014.06.07"]
[Round "1.13"]
[White "Zamar Kodelja, Jurij"]
[Black "Yrjola, Jouni"]
[Result "1/2-1/2"]
[BlackTitle "GM"]
[WhiteElo "1960"]
[BlackElo "2366"]
[WhiteFideId "14609649"]
[BlackFideId "500011"]
[EventDate "2014.06.07"]
[EventType "swiss"]

1. e4 c5 2. Nc3 Nc6 3. f4 g6 4. Nf3 Bg7 5. Bb5 Nd4 6. O-O a6 7. Bd3 d6 8. Nxd4
cxd4 9. Ne2 Nf6 10. b3 O-O 11. Qe1 e5 12. Ng3 exf4 13. Rxf4 d5 14. Qf1 Be6 15.
Bb2 dxe4 16. Nxe4 Nd5 17. Rf2 Rc8 18. Ba3 f5 19. Bxf8 Bxf8 20. Ng3 Nb4 21. Qe2
Bf7 22. Raf1 Rc7 23. Nxf5 Nxd3 24. Qxd3 gxf5 25. Rxf5 Bg7 26. Rxf7 Rxf7 27. Rxf7
Kxf7 28. Qxh7 Qe7 29. Qf5+ Kg8 30. Qc8+ Kh7 31. Qf5+ Kh8 32. Qc8+ Bf8 33. Qh3+
Kg8 34. Qg4+ Bg7 35. Qc8+ Kh7 36. Qf5+ Kh6 37. Qf4+ Kg6 38. Qg4+ Kf7 39. Qf5+
Kg8 1/2-1/2

[Event "28th Pula Open 2014"]
[Site "Pula CRO"]
[Date "2014.06.07"]
[Round "1.14"]
[White "Bontempi, Piero"]
[Black "Klement, Dubravko"]
[Result "1-0"]
[WhiteTitle "FM"]
[WhiteElo "2361"]
[BlackElo "1940"]
[WhiteFideId "809250"]
[BlackFideId "14515431"]
[EventDate "2014.06.07"]
[EventType "swiss"]

1. e4 c5 2. Nf3 e6 3. b3 Nf6 4. e5 Nd5 5. Bb2 Nc6 6. Nc3 Nxc3 7. Bxc3 b6 8. Bd3
Bb7 9. O-O Nb4 10. Be2 Be7 11. d4 Be4 12. dxc5 bxc5 13. a3 Nc6 14. Nd2 Bg6 15.
Bh5 Qc7 16. Nc4 O-O 17. Bxg6 fxg6 18. Qd3 Rf5 19. Rad1 Rd8 20. Qe4 Rdf8 21. Qd3
Nb8 22. f3 Qc6 23. Qe2 h5 24. Rd3 g5 25. Rfd1 g4 26. fxg4 hxg4 27. Qxg4 Rg5 28.
Qe2 Rg6 29. Be1 Rf4 30. Bg3 Rfg4 31. Qf3 Bh4 32. Qxc6 Nxc6 33. Bxh4 Rxg2+ 34.
Kh1 Nd4 35. Ne3 Re2 36. Bg3 Nf3 37. Nf1 Rxe5 38. Rxf3 1-0

[Event "28th Pula Open 2014"]
[Site "Pula CRO"]
[Date "2014.06.07"]
[Round "1.15"]
[White "Svendsen, Peter"]
[Black "Schnider, Gert"]
[Result "0-1"]
[BlackTitle "FM"]
[WhiteElo "1938"]
[BlackElo "2354"]
[WhiteFideId "1405250"]
[BlackFideId "1606310"]
[EventDate "2014.06.07"]
[EventType "swiss"]

1. d4 d5 2. c4 c6 3. Nf3 Nf6 4. Nc3 e6 5. e3 Nbd7 6. Bd3 dxc4 7. Bxc4 b5 8. Bd3
a6 9. O-O c5 10. Qe2 Be7 11. Rd1 Qb6 12. a4 b4 13. Ne4 Bb7 14. Nxf6+ Bxf6 15.
Bc4 cxd4 16. exd4 O-O 17. Be3 Qd6 18. a5 Rfc8 19. Bd3 g6 20. Rac1 Bd8 21. Rxc8
Rxc8 22. h4 Bxa5 23. h5 Bc7 24. hxg6 hxg6 25. Bg5 Kg7 26. Be4 Bxe4 27. Qxe4 Qd5
28. Qe1 Bd6 29. Qe3 Rh8 30. Rc1 a5 31. Qd2 a4 32. Qd1 Ra8 33. Be3 a3 34. bxa3
bxa3 35. Qd2 a2 36. Ra1 Qb3 37. g3 Bb4 38. Qc1 Bc3 39. Nd2 Qa3 40. Qd1 Bxa1 41.
Qxa1 Rb8 42. Kg2 Qb2 0-1

[Event "28th Pula Open 2014"]
[Site "Pula CRO"]
[Date "2014.06.07"]
[Round "1.17"]
[White "Vojak, Daniel"]
[Black "Mihalincic, Tomislav"]
[Result "0-1"]
[BlackTitle "FM"]
[WhiteElo "1933"]
[BlackElo "2317"]
[WhiteFideId "14535262"]
[BlackFideId "14503867"]
[EventDate "2014.06.07"]
[EventType "swiss"]

1. e4 e5 2. Nf3 Nc6 3. Bb5 a6 4. Ba4 d6 5. O-O Bd7 6. c3 h6 7. d4 b5 8. Bb3 Nge7
9. Re1 g6 10. Be3 Bg7 11. dxe5 dxe5 12. Nbd2 O-O 13. Nf1 Kh7 14. Bc5 Na5 15. Ne3
Nb7 16. Ba3 c5 17. Bd5 Nxd5 18. Nxd5 Be6 19. b3 Bxd5 20. Qxd5 Qxd5 21. exd5 Rfe8
22. Nd2 e4 23. Nxe4 b4 24. Nxc5 Nxc5 25. Bxb4 Rxe1+ 26. Rxe1 Nd3 27. Re7 Nxb4
28. cxb4 Kg8 29. d6 Rd8 30. Rb7 Rxd6 31. g3 Rd2 32. a4 Bd4 33. b5 a5 34. Rb8+
Kg7 35. Ra8 Bxf2+ 36. Kh1 Bb6 37. Ra6 Rd6 38. Kg2 Re6 39. Kf3 Kf6 40. Ra8 Ke5
41. Rc8 Kd5 42. Kf4 Re4+ 43. Kf3 Re3+ 44. Kg4 Rxb3 45. Rb8 Bc5 0-1

[Event "28th Pula Open 2014"]
[Site "Pula CRO"]
[Date "2014.06.07"]
[Round "1.18"]
[White "Kastelic, Marian"]
[Black "Heikkila, Antti"]
[Result "1-0"]
[WhiteTitle "FM"]
[WhiteElo "2311"]
[BlackElo "1917"]
[WhiteFideId "14602245"]
[BlackFideId "504530"]
[EventDate "2014.06.07"]
[EventType "swiss"]

1. e4 c5 2. Nf3 g6 3. d4 cxd4 4. Nxd4 Bg7 5. Nc3 d6 6. Be3 Nf6 7. f3 O-O 8. Qd2
a6 9. Bh6 b5 10. h4 Bb7 11. h5 Qc8 12. Nf5 Bxh6 13. Nxh6+ Kg7 14. Qg5 Qe6 15.
O-O-O Nbd7 16. g3 Rac8 17. Nf5+ Kg8 18. Bh3 Kh8 19. hxg6 fxg6 20. Nh4 Qg8 21.
Bxd7 Nxd7 22. Nxg6+ 1-0

[Event "28th Pula Open 2014"]
[Site "Pula CRO"]
[Date "2014.06.07"]
[Round "1.19"]
[White "Brinovec, David"]
[Black "Franciskovic, Borka"]
[Result "0-1"]
[BlackTitle "WIM"]
[WhiteElo "1916"]
[BlackElo "2310"]
[WhiteFideId "14608642"]
[BlackFideId "14507943"]
[EventDate "2014.06.07"]
[EventType "swiss"]

1. e4 c6 2. d4 d5 3. exd5 cxd5 4. c4 Nf6 5. Nc3 g6 6. h3 Bg7 7. Nf3 O-O 8. Bd3
Nc6 9. a3 dxc4 10. Bxc4 Bf5 11. O-O Rc8 12. Ba2 Ne4 13. Re1 Nxc3 14. bxc3 Qa5
15. Bd2 Qa6 16. d5 Na5 17. Rxe7 Qd6 18. Qe2 Qxa3 19. Bf4 Bxc3 20. Rd1 Bf6 21.
Re3 Qa4 22. Bd6 Rfd8 23. Ra3 Qe4 24. Qxe4 Bxe4 25. Bb4 Nc6 26. Be1 a6 27. Re3
Bxf3 28. Rxf3 Kg7 29. Rfd3 Ne5 30. Ra3 Nc4 31. Rf3 b5 32. Bc3 Bxc3 33. Rxc3 Nb6
34. Ra3 Na4 35. d6 Rc6 36. d7 Rc7 37. Bb3 Nc5 38. Rc1 Rdxd7 39. Ba2 b4 40. Ra5
b3 41. Raxc5 Rxc5 42. Rxc5 Rd1+ 0-1

[Event "28th Pula Open 2014"]
[Site "Pula CRO"]
[Date "2014.06.07"]
[Round "1.20"]
[White "Doric, Nenad"]
[Black "Suta, Andraz"]
[Result "1-0"]
[WhiteTitle "IM"]
[WhiteElo "2303"]
[BlackElo "1916"]
[WhiteFideId "14501694"]
[BlackFideId "14613190"]
[EventDate "2014.06.07"]
[EventType "swiss"]

1. e4 e5 2. Nf3 Nc6 3. Nc3 Nf6 4. Bb5 Bb4 5. O-O O-O 6. d3 d6 7. Bg5 Bg4 8. Nd5
Nd4 9. Nxb4 Nxb5 10. Nd5 Nd4 11. Qd2 Bxf3 12. Bxf6 gxf6 13. Qh6 Ne2+ 14. Kh1
Bxg2+ 15. Kxg2 Kh8 16. Nxf6 Rg8+ 17. Nxg8 Qxg8+ 18. Kh1 1-0

[Event "28th Pula Open 2014"]
[Site "Pula CRO"]
[Date "2014.06.07"]
[Round "1.21"]
[White "Bulatovic, Milorad"]
[Black "Doncevic, Dario"]
[Result "0-1"]
[BlackTitle "IM"]
[WhiteElo "1906"]
[BlackElo "2294"]
[WhiteFideId "14603993"]
[BlackFideId "14504553"]
[EventDate "2014.06.07"]
[EventType "swiss"]

1. b3 e5 2. Bb2 d6 3. e3 Nf6 4. d4 Nbd7 5. c4 g6 6. Nf3 Qe7 7. Nc3 c6 8. Be2 Bg7
9. dxe5 dxe5 10. Qc1 O-O 11. Ba3 Nc5 12. Na4 Nfd7 13. Nxc5 Nxc5 14. b4 e4 15.
Nd4 Ne6 16. Nxe6 Bxe6 17. Rb1 Qg5 18. g3 Bh3 19. Bb2 Rfd8 20. Bxg7 Kxg7 21. Qc3+
Kg8 22. c5 Rd7 23. Rd1 Rad8 24. Rxd7 Rxd7 25. a4 Qd5 26. Qc2 Qe5 27. Qc1 a5 28.
bxa5 Rd5 29. a6 Rxc5 30. Qa3 bxa6 31. f4 exf3 32. Bxf3 Rc3 33. Qxc3 Qxc3+ 34.
Kf2 Qc2+ 35. Be2 Bg4 36. Re1 c5 37. a5 c4 38. h3 Qf5+ 39. Kg1 Qxa5 40. Kf2 Qf5+
41. Kg1 Bxe2 0-1

[Event "28th Pula Open 2014"]
[Site "Pula CRO"]
[Date "2014.06.07"]
[Round "1.22"]
[White "Jusic, Zdenko"]
[Black "Ghersinich, Giuseppe"]
[Result "1-0"]
[WhiteTitle "IM"]
[WhiteElo "2289"]
[BlackElo "1904"]
[WhiteFideId "14501902"]
[BlackFideId "14510138"]
[EventDate "2014.06.07"]
[EventType "swiss"]

1. e4 e6 2. d4 d5 3. Nc3 Bb4 4. e5 c5 5. Qg4 Ne7 6. dxc5 Bxc3+ 7. bxc3 Ng6 8.
Nf3 Bd7 9. Bd3 Nc6 10. O-O Qa5 11. Bd2 Qxc5 12. Qh5 Nce7 13. Rab1 b6 14. Rfe1
O-O 15. c4 a5 16. Be3 Qc8 17. Rxb6 dxc4 18. Be4 Bc6 19. Bxc6 Nxc6 20. Bc5 Qc7
21. Ng5 h6 22. Nxe6 fxe6 23. Qxg6 Rfe8 24. Qe4 Rac8 25. Rb5 Qd7 26. a4 Qd2 27.
h4 Nb4 28. Rb7 Qd5 29. Bxb4 axb4 30. Rxb4 Re7 31. Qe2 Rf7 32. Rb5 Qd4 33. g3
Rcf8 34. Rf1 Rf3 35. Kg2 c3 36. a5 Qd2 37. Qxd2 cxd2 38. Rb8 Rc3 39. Rxf8+ Kxf8
40. a6 Rxc2 41. a7 Ra2 42. Rd1 Ke7 43. Rxd2 Rxa7 44. Kf3 g6 45. Kg4 Kf7 46. Rd6
Rb7 47. f4 Rc7 48. h5 Re7 49. hxg6+ Kxg6 50. Rxe6+ Rxe6 51. f5+ Kf7 52. fxe6+
Kxe6 53. Kh5 Kxe5 54. Kxh6 Kf6 55. g4 Kf7 56. g5 Kg8 57. Kg6 1-0

[Event "28th Pula Open 2014"]
[Site "Pula CRO"]
[Date "2014.06.07"]
[Round "1.23"]
[White "Zupevc, Saso"]
[Black "Kaczur, Florian"]
[Result "0-1"]
[WhiteElo "1904"]
[BlackElo "2289"]
[WhiteFideId "14608316"]
[BlackFideId "705098"]
[EventDate "2014.06.07"]
[EventType "swiss"]

1. e4 c5 2. Nf3 Nc6 3. Nc3 e5 4. Nd5 Nf6 5. d3 Be7 6. Nxe7 Qxe7 7. Bg5 d6 8. h3
h6 9. Bh4 g5 10. Bg3 d5 11. exd5 Nxd5 12. Qe2 f6 13. Qe4 Be6 14. Qg6+ Bf7 15.
Qf5 Rg8 16. O-O-O Nd4 17. Qe4 O-O-O 18. Nxd4 cxd4 19. Qe1 Qc5 20. h4 Nb4 21. c4
dxc3 0-1

[Event "28th Pula Open 2014"]
[Site "Pula CRO"]
[Date "2014.06.07"]
[Round "1.24"]
[White "Papp, Tamas1"]
[Black "Lindblom, Roar"]
[Result "1-0"]
[WhiteTitle "FM"]
[WhiteElo "2276"]
[BlackElo "1896"]
[WhiteFideId "725447"]
[BlackFideId "1505653"]
[EventDate "2014.06.07"]
[EventType "swiss"]

1. e4 e5 2. Nf3 Nc6 3. Bb5 d6 4. c3 Bd7 5. O-O Nge7 6. d4 Ng6 7. d5 Nb8 8. c4 h6
9. Nc3 Be7 10. Bxd7+ Nxd7 11. Be3 Bg5 12. Qd2 Bxe3 13. Qxe3 Nf4 14. b4 b6 15.
Kh1 O-O 16. Nd2 f5 17. Rfc1 a5 18. a3 Qg5 19. g3 Nh3 20. Qxg5 Nxg5 21. Kg2 fxe4
22. Nb5 Rf7 23. h4 Raf8 24. Rf1 Nf3 25. Nxe4 Nb8 26. c5 dxc5 27. bxc5 bxc5 28.
Rac1 Na6 29. Nbc3 Nd4 30. Na4 1-0

[Event "28th Pula Open 2014"]
[Site "Pula CRO"]
[Date "2014.06.07"]
[Round "1.25"]
[White "Vrtiakova, Anna"]
[Black "Zvan, Ziga"]
[Result "0-1"]
[BlackTitle "FM"]
[WhiteElo "1879"]
[BlackElo "2274"]
[WhiteFideId "14927870"]
[BlackFideId "14602814"]
[EventDate "2014.06.07"]
[EventType "swiss"]

1. e4 d6 2. d4 Nf6 3. Nc3 e5 4. Nf3 exd4 5. Qxd4 Nc6 6. Bb5 Be7 7. Bg5 O-O 8.
Bxc6 bxc6 9. O-O h6 10. Bh4 Re8 11. Rfe1 Nd7 12. Bxe7 Qxe7 13. Rad1 Nc5 14. h3
Rb8 15. b3 a5 16. a3 Ba6 17. Qd2 Qf6 18. Nd4 Bb7 19. Re3 Re5 20. Rf3 Qg6 21. Rg3
Nxe4 22. Nxe4 Qxe4 23. Qxh6 Qh7 24. Qd2 Rbe8 25. f4 R5e7 26. f5 f6 27. Rf1 c5
28. Ne6 Be4 29. Qf4 Bxc2 30. Qc4 Kh8 31. Rf4 Bxf5 32. Rh4 Rxe6 33. Rxh7+ Bxh7
34. Rg4 Re1+ 35. Kh2 R8e4 36. Rxe4 Bxe4 37. Qe6 Kh7 38. Qe8 Kh6 39. g4 Kg5 40.
Kg3 Re3+ 41. Kh2 Re2+ 42. Kg3 Rg2# 0-1